UBT Library

Clinical application of neuropsychological test batteries / (Record no. 39228)

000 -LEADER
fixed length control field 00669cam a2200229 a 4500
001 - CONTROL NUMBER
control field 1443471
005 - DATE AND TIME OF LATEST TRANSACTION
control field 20171220073329.0
008 - FIXED-LENGTH DATA ELEMENTS--GENERAL INFORMATION
fixed length control field 851018s1986 nyua b 001 0 eng c
010 ## - LIBRARY OF CONGRESS CONTROL NUMBER
LC control number 85025674
020 ## - INTERNATIONAL STANDARD BOOK NUMBER
International Standard Book Number 0306420457
040 ## - CATALOGING SOURCE
Original cataloging agency DNLM/DLC
Transcribing agency DLC
Modifying agency DLC
041 ## - LANGUAGE CODE
Language code of text/sound track or separate title eng
060 ## - NATIONAL LIBRARY OF MEDICINE CALL NUMBER
Classification number WL 103 C6413
080 ## - UNIVERSAL DECIMAL CLASSIFICATION NUMBER
Universal Decimal Classification number 152 GOL
082 00 - DEWEY DECIMAL CLASSIFICATION NUMBER
Classification number 152 GOL
Edition number 19
100 ## - Rafti
Rafti 46
101 ## - Shkurtesa
Shkurtesa PSI
245 00 - TITLE STATEMENT
Title Clinical application of neuropsychological test batteries /
Statement of responsibility, etc edited by Theresa Incagnoli, Gerald Goldstein, and Charles J. Golden.
504 ## - BIBLIOGRAPHY, ETC. NOTE
Bibliography, etc Includes bibliographies and index.
906 ## - LOCAL DATA ELEMENT F, LDF (RLIN)
a 7
b cbc
c orignew
d 1
e ocip
f 19
g y-gencatlg
942 ## - ADDED ENTRY ELEMENTS (KOHA)
Source of classification or shelving scheme
Item type Books
Holdings
Withdrawn status Lost status Source of classification or shelving scheme Damaged status Not for loan Collection code Permanent location Current location Shelving location Date acquired Total Checkouts Full call number Barcode Date last seen Price effective from Koha item type
          Koleksioni i përgjithshem UBT - Lipjan UBT - Lipjan Koleksioni i përgjithshem 12/20/2017   152 GOL 002-2939566 12/20/2017 12/20/2017 Books
UBT Library © 2015-2024. All rights reserved University Education for Business and Technology